Βιβλίον καλούμενον χρηστοήθεια των χριστιανών : περιέχουσα λόγους ψυχωφελεστάτους δεκατρείς, ρυθμίζοντας επί το βέλτιον τα κακά ήθη των χριστιανών. Προς δε, και τας κυριωτέρας εντολάς της Παλαιάς και Νέας Διαθήκης

Αποθηκεύτηκε σε:
Λεπτομέρειες βιβλιογραφικής εγγραφής
Κύριος συγγραφέας: Νικόδημος, ο Αγιορείτης, Όσιος, 1749-1809
Μορφή: Βιβλίο
Γλώσσα:Ancient Greek
Δημοσίευση: Εν Ερμουπόλει Σύρου : Εκ της Τυπογραφίας Γεωργίου Μελιστάγους , 1838.
Θέματα:
Ετικέτες: Προσθήκη ετικέτας
Δεν υπάρχουν, Καταχωρήστε ετικέτα πρώτοι!

MARC

LEADER 00000cam a2200000 a 4500
001 1/108807
008 150922s1838####gr | ||| |||| ||grc||
040 |a GR-MyUa  |b gre  |c GR-MyUa  |e AACR2 
041 0 |a grc 
082 7 |a 241   |2 (23)  
100 0 |a Νικόδημος,   |c ο Αγιορείτης,   |c Όσιος,   |d 1749-1809. 
245 1 0 |a Βιβλίον καλούμενον χρηστοήθεια των χριστιανών :   |b περιέχουσα λόγους ψυχωφελεστάτους δεκατρείς, ρυθμίζοντας επί το βέλτιον τα κακά ήθη των χριστιανών. Προς δε, και τας κυριωτέρας εντολάς της Παλαιάς και Νέας Διαθήκης /   |c φιλοπονηθείσα μεν παρά του εν μοναχοίς ελαχίστου Νικόδημου Αγιορείτου' κατά πρώτον εις Ενετίαν εκδοθείσα τω 1803 έτη παρά του Αγίου Ιωαννίνων, κυρίου Ιερόθεου ; νυν δε μετατυποθείσα σπουδή συντόνω του ελαχίστου Μακάριου Ιερομονάχου Αγιορείτου εκ της Συνοδίας των Σκουρταίων, φιλοτίμω δαπάνη των Φιλοκάλων συνδρομητών, εις κοινήν απάντων των ορθοδόξων ωφέλειαν.  
260 |a Εν Ερμουπόλει Σύρου :   |b Εκ της Τυπογραφίας Γεωργίου Μελιστάγους ,   |c 1838.  
300 |a  ι', 357 σ., ;   |c 30 εκ.  
500 |a Στο verso του c.1 ετικέτα "Τη Πορφυριάδι Σχολή Καρλοβασίων 1903 Κωνσταντίνος Κ. Νικολάου". Στο c.2 λείπουν και τα δυο εξώφυλλα καθώς και η σελίδα 357.  
650 0 |a Christian ethics. 
852 |a INST  |b SAMOS  |c PORFYRIADA  |e 20150922  |h 241 ΝΙΚ  |p 005300042798  |q 005300042798  |t NOLOAN  |y 23 
852 |a INST  |b SAMOS  |c PORFYRIADA  |e 20150922  |h 241 ΝΙΚ  |p 005300042799  |q 005300042799  |t NOLOAN  |y 23 
970 |a Κοσιέρης  |b Χρήστος  |z 22/09/2015